[Event "Judewicz Memorial U2200 sf 5th"]
[Site "Mar del Plata"]
[Date "2018.09.23"]
[Round "6.2"]
[White "Miranda, Hernan M"]
[Black "Bustamante, Oscar"]
[Result "0-1"]
[WhiteElo "1871"]
[BlackElo "2061"]
[PlyCount "86"]
[EventDate "2018.09.21"]
[EventType "swiss"]
[EventRounds "7"]
[EventCountry "ARG"]
[SourceTitle "EXT 2024"]
[Source "ChessBase"]
[SourceDate "2023.10.10"]
[SourceVersion "1"]
[SourceVersionDate "2023.10.10"]
[SourceQuality "1"]

1. d4 f5 2. Nc3 d5 3. f3 Nf6 4. Bg5 c5 5. e3 e6 6. Qd2 Nc6 7. Bb5 Bd7 8. Nge2 Qb6 9. a4 Be7 10. a5 Qd8 11. a6 b6 12. Nf4 Qc8 13. Bxf6 Bxf6 14. Nh5 0-0 15. Nxf6+ Rxf6 16. 0-0 Ne7 17. Bd3 f4 18. exf4 cxd4 19. Ne2 Qc7 20. Nxd4 Rxf4 21. c3 e5 22. Ne2 Rf6 23. Ng3 Rd8 24. Qg5 h6 25. Qd2 Qc5+ 26. Kh1 Bb5 27. Rfe1 Bxd3 28. Qxd3 Nc6 29. b4 Qd6 30. Rad1 Qe6 31. Nh5 Rff8 32. Ng3 Ne7 33. h3 Ng6 34. Qe3 Rfe8 35. Ne2 Qf5 36. Qd3 Qf6 37. Ng3 Nh4 38. Qe2 Qg5 39. Qf2 Rf8 40. c4 e4 41. Rxd5 Rxd5 42. cxd5 exf3 43. Ne4 fxg2+ 0-1

[Event "Judewicz Memorial U2200"]
[Site "Mar del Plata"]
[Date "2016.09.16"]
[Round "1.2"]
[White "Acosta, Carlos Humberto"]
[Black "Bustamante, Oscar"]
[Result "0-1"]
[WhiteElo "1746"]
[BlackElo "2123"]
[PlyCount "122"]
[EventDate "2016.09.16"]
[EventType "swiss"]
[EventRounds "7"]
[EventCountry "ARG"]
[SourceTitle "EXT 2024"]
[Source "ChessBase"]
[SourceDate "2023.10.10"]
[SourceVersion "1"]
[SourceVersionDate "2023.10.10"]
[SourceQuality "1"]

1. e4 d6 2. Nf3 Nf6 3. Nc3 e5 4. h3 Be7 5. Bc4 c6 6. 0-0 Nbd7 7. Re1 h6 8. d4 b5 9. Bb3 a6 10. a3 g5 11. dxe5 dxe5 12. Nh2 Qc7 13. Ng4 Nxg4 14. Qxg4 Nc5 15. Qh5 Nxb3 16. cxb3 Be6 17. b4 0-0-0 18. Be3 Kb8 19. a4 Bxb4 20. axb5 cxb5 21. Nxb5 Qc4 22. Nc3 Bxc3 23. bxc3 Ka8 24. Qf3 Bc8 25. Qf6 Qe6 26. Qxe6 fxe6 27. Ra5 Rd3 28. c4 Rc3 29. Rc1 Rxc1+ 30. Bxc1 Rd8 31. Be3 Rd1+ 32. Kh2 Rd3 33. Rxe5 Ra3 34. h4 gxh4 35. Kh3 Kb7 36. Kxh4 Ra1 37. Kh5 a5 38. Kxh6 a4 39. g4 a3 40. Ra5 e5 41. g5 a2 42. Kg7 Be6 43. Kf6 Bxc4 44. Kxe5 Rg1 45. Kd4 Bg8 46. f4 a1Q+ 47. Rxa1 Rxa1 48. f5 Kc6 49. g6 Kd7 50. Ke5 Bb3 51. f6 Ra5+ 52. Kf4 Ke8 53. e5 Bc2 54. f7+ Kf8 55. Bd2 Rb5 56. Kg5 Kg7 57. f8Q+ Kxf8 58. Kf6 Rb6+ 59. e6 Bb3 60. Bh6+ Kg8 61. Bd2 Rxe6+ 0-1

[Event "Najdorf Memorial op"]
[Site "Buenos Aires"]
[Date "2002.09.25"]
[Round "3.17"]
[White "Liascovich, Lucas Agustin"]
[Black "Bustamante, Oscar"]
[Result "1-0"]
[WhiteElo "2328"]
[BlackElo "2160"]
[PlyCount "79"]
[EventDate "2002.09.23"]
[EventType "swiss"]
[EventRounds "8"]
[EventCountry "ARG"]
[SourceTitle "CBM 090 Extra"]
[Source "ChessBase"]
[SourceDate "2002.11.07"]
[SourceVersion "1"]
[SourceVersionDate "2002.11.07"]
[SourceQuality "1"]

1. d4 c5 2. d5 e6 3. c4 d6 4. Nc3 Nf6 5. Nf3 Be7 6. g3 0-0 7. Bg2 Nbd7 8. dxe6 fxe6 9. 0-0 Nb6 10. Qb3 Bd7 11. a4 Bc6 12. a5 Nbd7 13. Ng5 e5 14. Ne6 Qe8 15. Nxf8 Nxf8 16. Nd5 Ne6 17. Be3 a6 18. Rfd1 Bf8 19. Nxf6+ gxf6 20. Qd3 Kh8 21. Qf5 Qf7 22. Bd5 Re8 23. Qf3 f5 24. Bxc6 bxc6 25. Qxc6 f4 26. gxf4 exf4 27. Bd2 Bg7 28. Bc3 Nd4 29. Bxd4 Bxd4 30. Kh1 Bxf2 31. Rxd6 Rg8 32. Rd7 Qf5 33. Qd5 Qxd5+ 34. Rxd5 Bd4 35. Rd6 Re8 36. Rxa6 Rxe2 37. Ra8+ Kg7 38. a6 f3 39. a7 Be5 40. Rg8+ 1-0

[Event "Golden Valley rap"]
[Site "Viedma"]
[Date "2002.08.??"]
[Round "7"]
[White "Bustamante, Oscar"]
[Black "Liascovich, Lucas Agustin"]
[Result "1-0"]
[WhiteElo "2160"]
[BlackElo "2328"]
[PlyCount "51"]
[EventDate "2002.08.23"]
[EventType "tourn (rapid)"]
[EventRounds "9"]
[EventCountry "ARG"]
[EventCategory "6"]
[SourceTitle "EXT 2003"]
[Source "ChessBase"]
[SourceDate "2002.11.25"]
[SourceVersion "1"]
[SourceVersionDate "2002.11.25"]
[SourceQuality "1"]

1. e4 c5 2. Bc4 Nc6 3. Nf3 g6 4. 0-0 Bg7 5. a4 d6 6. h3 Nf6 7. Nc3 0-0 8. d3 e6 9. Bf4 d5 10. exd5 Nxd5 11. Bxd5 exd5 12. Nb5 Bf5 13. Bd6 Bxb2 14. Rb1 Bf6 15. Bxc5 Be7 16. Bxe7 Qxe7 17. Qd2 a6 18. Rfe1 Qf6 19. Nc7 Rad8 20. Rxb7 Bxh3 21. Qh6 Bc8 22. Ng5 Qh8 23. Nxd5 Rxd5 24. Qxf8+ Kxf8 25. Rxf7+ Kg8 26. Re8# 1-0

[Event "Golden Valley rap"]
[Site "Viedma"]
[Date "2002.08.??"]
[Round "8"]
[White "Sorin, Ariel"]
[Black "Bustamante, Oscar"]
[Result "1-0"]
[WhiteElo "2528"]
[BlackElo "2160"]
[PlyCount "41"]
[EventDate "2002.08.23"]
[EventType "tourn (rapid)"]
[EventRounds "9"]
[EventCountry "ARG"]
[EventCategory "6"]
[SourceTitle "EXT 2003"]
[Source "ChessBase"]
[SourceDate "2002.11.25"]
[SourceVersion "1"]
[SourceVersionDate "2002.11.25"]
[SourceQuality "1"]

1. d4 c5 2. d5 e5 3. c4 d6 4. e4 Nd7 5. Nc3 a6 6. Nf3 g6 7. Bd3 Bg7 8. Be3 Ngf6 9. h3 Qa5 10. a4 0-0 11. g4 h5 12. Ng5 Qd8 13. Be2 Nh7 14. Nxh7 Kxh7 15. gxh5 Qh4 16. Qd2 Qe7 17. hxg6+ fxg6 18. h4 Bf6 19. 0-0-0 Kg8 20. Rdg1 Kf7 21. h5 1-0

[Event "Budapest FS04 FM-B"]
[Site "Budapest"]
[Date "2001.??.??"]
[Round "5"]
[White "Bustamante, Oscar"]
[Black "Frank, Jozsef"]
[Result "1-0"]
[WhiteElo "2075"]
[BlackElo "2050"]
[PlyCount "55"]
[EventDate "2001.??.??"]
[EventType "tourn"]
[EventRounds "11"]
[EventCountry "HUN"]
[SourceTitle "EXT 2003"]
[Source "ChessBase"]
[SourceDate "2002.11.25"]
[SourceVersion "1"]
[SourceVersionDate "2002.11.25"]
[SourceQuality "1"]

1. e4 e6 2. d4 d5 3. Nc3 dxe4 4. Nxe4 Nf6 5. Nxf6+ Qxf6 6. Nf3 h6 7. Bd3 Bd6 8. 0-0 Bd7 9. Re1 Nc6 10. c3 0-0-0 11. b4 Ne7 12. b5 Nf5 13. Ne5 Bxe5 14. Rxe5 g5 15. a4 Ne7 16. a5 Ng6 17. Rc5 Kb8 18. Be3 Nf4 19. Be4 Nd5 20. Qb3 Nxe3 21. b6 cxb6 22. axb6 a6 23. fxe3 Rc8 24. Rc7 Rxc7 25. bxc7+ Kxc7 26. Qxb7+ Kd8 27. Rxa6 Bc8 28. Ra8 1-0

[Event "Budapest FS04 FM-B"]
[Site "Budapest"]
[Date "2001.??.??"]
[Round "7"]
[White "Bustamante, Oscar"]
[Black "Ladanyi, Gyula"]
[Result "1-0"]
[WhiteElo "2075"]
[BlackElo "2005"]
[PlyCount "31"]
[EventDate "2001.??.??"]
[EventType "tourn"]
[EventRounds "11"]
[EventCountry "HUN"]
[SourceTitle "EXT 2003"]
[Source "ChessBase"]
[SourceDate "2002.11.25"]
[SourceVersion "1"]
[SourceVersionDate "2002.11.25"]
[SourceQuality "1"]

1. e4 e5 2. Nf3 Nc6 3. Bc4 Nf6 4. d4 exd4 5. e5 d5 6. Bb5 Ne4 7. Nxd4 Bd7 8. Bxc6 bxc6 9. 0-0 Be7 10. f3 Nc5 11. f4 0-0 12. f5 Rb8 13. Qh5 g6 14. Qh6 Re8 15. fxg6 fxg6 16. Rf7 1-0

[Event "ARG-ch sf"]
[Site "Ezeiza"]
[Date "2000.09.01"]
[Round "4"]
[White "Medina, Sergio"]
[Black "Bustamante, Oscar"]
[Result "1/2-1/2"]
[WhiteElo "2243"]
[BlackElo "2013"]
[PlyCount "36"]
[EventDate "2000.08.29"]
[EventType "swiss"]
[EventRounds "9"]
[EventCountry "ARG"]
[SourceTitle "EXT 2001"]
[Source "ChessBase"]
[SourceDate "2000.11.22"]
[SourceVersion "1"]
[SourceVersionDate "2000.11.22"]
[SourceQuality "1"]

1. d4 Nf6 2. Bg5 g6 3. Bxf6 exf6 4. g3 Bg7 5. Bg2 0-0 6. c4 d6 7. e3 Re8 8. Ne2 c6 9. 0-0 f5 10. Nbc3 Nd7 11. Qc2 Nf6 12. Rad1 Bd7 13. b4 Rc8 14. a4 b6 15. c5 dxc5 16. dxc5 bxc5 17. bxc5 Qa5 18. Nb1 Be6 1/2-1/2

[Event "Budapest FS10 FM Elo"]
[Site "Budapest"]
[Date "2000.??.??"]
[Round "5"]
[White "Ostermeier, Ralf"]
[Black "Bustamante, Oscar"]
[Result "0-1"]
[WhiteElo "2003"]
[BlackElo "2010"]
[PlyCount "60"]
[EventDate "2000.10.07"]
[EventType "tourn"]
[EventRounds "11"]
[EventCountry "HUN"]
[SourceTitle "EXT 2002"]
[Source "ChessBase"]
[SourceDate "2001.11.25"]
[SourceVersion "1"]
[SourceVersionDate "2001.11.25"]
[SourceQuality "1"]

1. e4 c5 2. Nf3 e6 3. d4 cxd4 4. Nxd4 Nf6 5. Nc3 Bb4 6. e5 Nd5 7. Bd2 Bxc3 8. bxc3 Qc7 9. f4 0-0 10. Bd3 a6 11. 0-0 Nc6 12. Rf3 f5 13. exf6 Nxf6 14. Rg3 b6 15. Qe2 Bb7 16. Nf3 Ne7 17. Ne5 Nf5 18. Rh3 Qc5+ 19. Kh1 Rae8 20. Rb1 d6 21. Ng4 Nxg4 22. Qxg4 Rf6 23. Bxf5 exf5 24. Qh5 Rg6 25. Qxh7+ Kf7 26. Rg3 Rxg3 27. hxg3 Re6 28. Qh5+ Kg8 29. Re1 Rh6 30. Re8+ Kh7 0-1

[Event "Budapest FS10 FM Elo"]
[Site "Budapest"]
[Date "2000.??.??"]
[Round "6"]
[White "Schneider, Volker"]
[Black "Bustamante, Oscar"]
[Result "1-0"]
[WhiteElo "2243"]
[BlackElo "2010"]
[PlyCount "80"]
[EventDate "2000.10.07"]
[EventType "tourn"]
[EventRounds "11"]
[EventCountry "HUN"]
[SourceTitle "EXT 2002"]
[Source "ChessBase"]
[SourceDate "2001.11.25"]
[SourceVersion "1"]
[SourceVersionDate "2001.11.25"]
[SourceQuality "1"]

1. e4 e5 2. Nf3 Nc6 3. Nc3 Nf6 4. Bb5 Bc5 5. Nxe5 Bxf2+ 6. Kxf2 Nxe5 7. h3 c6 8. Be2 d6 9. d4 Ng6 10. Rf1 Qe7 11. Bd3 Bd7 12. Kg1 h6 13. Qf3 0-0-0 14. Be3 Rdf8 15. Ne2 Nh7 16. Nf4 Ng5 17. Qg3 Nxe4 18. Nxg6 fxg6 19. Qxg6 Nf6 20. Rae1 Nd5 21. Bd2 Rxf1+ 22. Rxf1 Rf8 23. c4 Rxf1+ 24. Bxf1 Qf6 25. Qxf6 Nxf6 26. Bf4 d5 27. c5 Bf5 28. Be5 Kd7 29. g4 Be4 30. Bxf6 gxf6 31. Kf2 f5 32. Kg3 Ke6 33. Be2 Kf6 34. Kf4 Bc2 35. Bf3 Bd3 36. b4 Bc2 37. b5 Bd3 38. a4 a6 39. b6 a5 40. Bxd5 cxd5 1-0